| 000 | 00605cam a22002173a 4500 | ||
|---|---|---|---|
| 001 | 42080 | ||
| 003 | PGUSA | ||
| 005 | 20140828083941.0 | ||
| 008 | 130212s2013||||xxu|||||s|||||000 | eng d | ||
| 040 |
_aPGUSA _beng |
||
| 042 | _adc | ||
| 100 | 1 | _aSeiler, Emma | |
| 245 | 1 | 4 |
_aThe Voice in Singing _h[electronic resource] / _cEmma Seiler |
| 260 |
_bProject Gutenberg, _c2013 |
||
| 506 | _aPublic domain in the USA. | ||
| 516 | _aElectronic text | ||
| 700 | 1 |
_aFurness, William Henry, _d1866-1920 |
|
| 830 | 0 |
_aProject Gutenberg _v42080 |
|
| 856 | 4 | 0 | _uhttp://www.gutenberg.org/ebooks/42080 |
| 942 | _cEB | ||
| 999 |
_c271332 _d271332 |
||